Statistics for English County Flags

Click here to take the quiz!

General Stats

  • This quiz has been taken 47 times
  • The average score is 27 of 47

Answer Stats

Answer% Correct
City of London
84%
Cornwall
80%
Essex
80%
Nottinghamshire
80%
Kent
72%
Lancashire
72%
South Yorkshire
72%
Devon
68%
North Yorkshire
68%
West Yorkshire
68%
Buckinghamshire
64%
Dorset
64%
East Riding of Yorkshire
64%
Northumberland
64%
Warwickshire
64%
Hertfordshire
60%
Isle of Wight
60%
Somerset
60%
Tyne and Wear
60%
Bedfordshire
56%
Cambridgeshire
56%
Cheshire
56%
Durham
56%
Gloucestershire
56%
Greater London
56%
Hampshire
56%
Norfolk
56%
West Sussex
56%
Derbyshire
52%
East Sussex
52%
Leicestershire
52%
Lincolnshire
52%
Rutland
52%
Shropshire
52%
Staffordshire
52%
Surrey
52%
Wiltshire
52%
Worcestershire
52%
Merseyside
48%
West Midlands
48%
Berkshire
44%
Cumbria
44%
Herefordshire
44%
Greater Manchester
40%
Northamptonshire
40%
Oxfordshire
40%
Suffolk
32%

Score Distribution

Percentile by Number Answered

Percent of People with Each Score

Your Score History

You have not taken this quiz